01609nam a2200397 i 450000100060000000300080000600500170001400600190003100700150005000800410006502000280010602000180013403500220015204000310017405000210020508000080022608200150023410000380024924501720028726400410045930000410050033600310054133700330057233800430060558800830064859001620073165000350089365000420092865000230097065000320099365500270102570000610105279700180111385600630113199900170119488944FINmELB20241217171704.0m o u cr cn|||||||||210301s2020 sp o 000 0 spa d a9788413771175q(e-book) z9788413770949 a(OCoLC)1241984737 aFINmELBbspaerdacFINmELB 4aRD32b.F477 2020 a61604a617.432231 aFerrero Herrero, Eduardo,eautor.13aLa cirugía general y del aparato digestivo en el inicio de la pandemia por COVID-19, SARS-COV-2 :bun escenario real e inesperado /cEduardo Ferrero Herrero, editor. 1aMadrid :bEditorial Dykinson,c2020. a1 recurso en línea (103 páginas) atextobtxt2rdacontent/spa acomputadorabc2rdamedia/spa arecurso en líneabcr2rdacarrier/spa aDescripción basada en metadatos suministrados por el editor y otras fuentes. aRecurso electrónico. Santa Fe, Arg.: elibro, 2021. Disponible vía World Wide Web. El acceso puede estar limitado para las bibliotecas afiliadas a elibro. 4aDigestivo, AparatoxCirugía. 0aDigestive System Surgical Procedures. 0aCOVID-19 (Disease) 4aPandemia de COVID-19, 2020- 4aLibros electrónicos.1 aFerrero Herrero, Eduardo,edirector de la publicación.2 aelibro, Corp.40uhttps://elibro.net/ereader/politecnicointernacional/172007 c88944d88944